[Event "CP-2015-P-00027"]
[Site "LSS email"]
[Date "2015.09.28"]
[Round "?"]
[White "Novoa, Nicolas"]
[Black "Paetzold, Ortwin"]
[Result "0-1"]
[WhiteElo "369"]
[BlackElo "1839"]
[PlyCount "36"]
[EventDate "2015.10.01"]
[EventType "tourn (corr)"]
[EventRounds "6"]
[EventCountry "GER"]
[SourceTitle "Corr 2022"]
[Source "ChessBase"]
[SourceDate "2021.10.24"]
[SourceVersion "1"]
[SourceVersionDate "2021.10.24"]
[SourceQuality "1"]

1. e4 e5 2. Nc3 Nc6 3. Nf3 Bc5 4. Bc4 Nf6 5. d3 h6 6. Nb5 a6 7. Bd2 axb5 8. Bxb5 0-0 9. g3 d5 10. g4 Bxg4 11. h3 Bxf3 12. Qc1 Bxh1 13. c4 Nxe4 14. dxe4 Qh4 15. b3 Qxf2+ 16. Kd1 Qf3+ 17. Kc2 Qxe4+ 18. Kd1 Bf3# 0-1

[Event "LSS No Engine Cup 139 Preliminary 0"]
[Site "LSS email"]
[Date "2015.09.23"]
[Round "?"]
[White "Palla, Vit"]
[Black "Novoa, Nicolas"]
[Result "1-0"]
[WhiteElo "1600"]
[BlackElo "949"]
[PlyCount "45"]
[EventDate "2015.09.24"]
[EventType "tourn (corr)"]
[EventRounds "6"]
[EventCountry "GER"]
[SourceTitle "Corr 2022"]
[Source "ChessBase"]
[SourceDate "2021.10.24"]
[SourceVersion "1"]
[SourceVersionDate "2021.10.24"]
[SourceQuality "1"]

1. e4 e5 2. Nf3 Nf6 3. Nxe5 Qe7 4. d4 Nxe4 5. Bd3 d5 6. 0-0 Nd7 7. Nxd7 Bxd7 8. Re1 c6 9. f3 Nf6 10. Rxe7+ Kxe7 11. Qe2+ Be6 12. Bg5 h6 13. Bh4 b5 14. Nd2 g5 15. Bg3 Bg7 16. Nb3 Ne4 17. fxe4 dxe4 18. Bxe4 f5 19. Bxf5 Kf8 20. Qxe6 Re8 21. Bd6+ Re7 22. Qxe7+ Kg8 23. Qe6# 1-0

[Event "RN-2015-0-00972"]
[Site "LSS email"]
[Date "2015.05.09"]
[Round "?"]
[White "Gorman, Andrew"]
[Black "Novoa, Nicolas"]
[Result "1-0"]
[WhiteElo "884"]
[BlackElo "383"]
[PlyCount "37"]
[EventDate "2015.05.04"]
[EventType "tourn (corr)"]
[EventRounds "6"]
[EventCountry "GER"]
[SourceTitle "Corr 2022"]
[Source "ChessBase"]
[SourceDate "2021.10.24"]
[SourceVersion "1"]
[SourceVersionDate "2021.10.24"]
[SourceQuality "1"]

1. e4 e5 2. Nf3 Nf6 3. Nc3 Nc6 4. d4 d5 5. exd5 Ne7 6. dxe5 Ng4 7. Be3 f5 8. exf6 gxf6 9. Qd4 Rg8 10. h3 Nf5 11. Qa4+ c6 12. dxc6 bxc6 13. Qxc6+ Bd7 14. Qe4+ Ne7 15. hxg4 f5 16. gxf5 Rc8 17. f6 Kf7 18. Rxh7+ Kxf6 19. Bd4# 1-0

[Event "RN-2015-0-00972"]
[Site "LSS email"]
[Date "2015.05.09"]
[Round "?"]
[White "Novoa, Nicolas"]
[Black "Cherry, Brian"]
[Result "0-1"]
[WhiteElo "383"]
[BlackElo "577"]
[PlyCount "20"]
[EventDate "2015.05.04"]
[EventType "tourn (corr)"]
[EventRounds "6"]
[EventCountry "GER"]
[SourceTitle "Corr 2022"]
[Source "ChessBase"]
[SourceDate "2021.10.24"]
[SourceVersion "1"]
[SourceVersionDate "2021.10.24"]
[SourceQuality "1"]

1. e4 e5 2. Nc3 Nf6 3. b3 Bb4 4. Bb5 c6 5. Ba4 b5 6. Nxb5 cxb5 7. Bxb5 Nxe4 8. c3 Bc5 9. b4 Qf6 10. a4 Qxf2# 0-1

[Event "RN-2015-0-00972"]
[Site "LSS email"]
[Date "2015.05.08"]
[Round "?"]
[White "Croke, Pat"]
[Black "Novoa, Nicolas"]
[Result "1-0"]
[WhiteElo "741"]
[BlackElo "383"]
[PlyCount "47"]
[EventDate "2015.05.04"]
[EventType "tourn (corr)"]
[EventRounds "6"]
[EventCountry "GER"]
[SourceTitle "Corr 2022"]
[Source "ChessBase"]
[SourceDate "2021.10.24"]
[SourceVersion "1"]
[SourceVersionDate "2021.10.24"]
[SourceQuality "1"]

1. e4 e5 2. Nf3 Nf6 3. Nc3 Nc6 4. Bc4 d6 5. 0-0 d5 6. exd5 Nd4 7. Nxe5 g5 8. d6 cxd6 9. Nxf7 Qb6 10. Nxh8 Bg4 11. Qe1+ Ne2+ 12. Nxe2 Ne4 13. Ng3 Bg7 14. Qxe4+ Be5 15. Qxg4 Qc5 16. Qe6+ Kd8 17. Qg8+ Kd7 18. Be6+ Kc6 19. Qxa8 Kb6 20. Ne4 Qb5 21. Qd8+ Ka6 22. a4 Qxa4 23. Rxa4+ Kb5 24. Bd7# 1-0

[Event "ZN-2014-0-02865"]
[Site "LSS email"]
[Date "2014.11.13"]
[Round "?"]
[White "Nejdek, Petr"]
[Black "Novoa, Nicolas"]
[Result "1-0"]
[WhiteElo "642"]
[BlackElo "284"]
[PlyCount "67"]
[EventDate "2014.11.09"]
[EventType "match (corr)"]
[EventRounds "2"]
[EventCountry "GER"]
[SourceTitle "Corr 2015"]
[Source "ChessBase"]
[SourceDate "2015.07.17"]
[SourceVersion "1"]
[SourceVersionDate "2015.07.17"]
[SourceQuality "1"]

1. e4 f6 2. d4 e5 3. d5 d6 4. Nc3 Ne7 5. Bc4 Ng6 6. Nf3 Nf4 7. Bxf4 g5 8. Bg3 Na6 9. Bxa6 bxa6 10. h3 c5 11. dxc6 Qc7 12. Qd5 Be7 13. Nd2 Rb8 14. b3 Rb6 15. Na4 Rb5 16. Qc4 Rf8 17. Nb1 Kd8 18. Nbc3 d5 19. exd5 Ba3 20. Nxb5 axb5 21. Qc5 Rf7 22. Qxa3 Bf5 23. Rd1 Bxc2 24. Rd2 Bf5 25. Nc5 Rg7 26. Nb7+ Ke8 27. Qxa7 Qd6 28. Qa8+ Ke7 29. Nxd6 Kxd6 30. 0-0 Rc7 31. f3 b4 32. Rc1 h5 33. Qf8+ Re7 34. Qxf6+ 1-0

[Event "LSS No Engine Cup 113 Preliminary 7"]
[Site "LSS email"]
[Date "2014.07.06"]
[Round "?"]
[White "Novoa, Nicolas"]
[Black "O'Brien, Glenn"]
[Result "0-1"]
[WhiteElo "289"]
[BlackElo "1316"]
[PlyCount "46"]
[EventDate "2014.07.07"]
[EventType "tourn (corr)"]
[EventRounds "6"]
[EventCountry "GER"]
[SourceTitle "Corr 2015"]
[Source "ChessBase"]
[SourceDate "2015.07.17"]
[SourceVersion "1"]
[SourceVersionDate "2015.07.17"]
[SourceQuality "1"]

1. e4 e5 2. Nc3 Nf6 3. Nf3 Nc6 4. b3 Bc5 5. d3 d6 6. Nd5 Nxd5 7. exd5 Nb4 8. Bd2 Nxd5 9. Be2 Bd4 10. c3 Nxc3 11. Qc1 Nxe2 12. Kxe2 Bxa1 13. Qxa1 Bg4 14. h3 Bxf3+ 15. Kxf3 Qf6+ 16. Ke2 0-0 17. f3 Rfe8 18. g4 d5 19. f4 exf4+ 20. Kd1 Qxa1+ 21. Bc1 Qxa2 22. Re1 Rxe1+ 23. Kxe1 Re8+ 0-1

[Event "LSS No Engine Cup 113 Preliminary 7"]
[Site "LSS email"]
[Date "2014.07.06"]
[Round "?"]
[White "Pauk, Jozef"]
[Black "Novoa, Nicolas"]
[Result "1-0"]
[WhiteElo "754"]
[BlackElo "289"]
[PlyCount "35"]
[EventDate "2014.07.07"]
[EventType "tourn (corr)"]
[EventRounds "6"]
[EventCountry "GER"]
[SourceTitle "Corr 2015"]
[Source "ChessBase"]
[SourceDate "2015.07.17"]
[SourceVersion "1"]
[SourceVersionDate "2015.07.17"]
[SourceQuality "1"]

1. e3 Nf6 2. d4 d5 3. c3 e6 4. Bd3 Ne4 5. Bxe4 dxe4 6. Ne2 Nc6 7. Nd2 b5 8. Nxe4 f5 9. N4g3 g6 10. h4 Bd6 11. h5 0-0 12. Nf4 g5 13. Ng6 Rf7 14. d5 exd5 15. Qxd5 hxg6 16. hxg6 Be6 17. Qxe6 Kf8 18. Qxf7# 1-0

[Event "RN-2014-0-00815"]
[Site "LSS email"]
[Date "2014.06.25"]
[Round "?"]
[White "Bieszk, Stanislaw"]
[Black "Novoa, Nicolas"]
[Result "1-0"]
[WhiteElo "850"]
[BlackElo "289"]
[PlyCount "37"]
[EventDate "2014.06.15"]
[EventType "tourn (corr)"]
[EventRounds "6"]
[EventCountry "GER"]
[SourceTitle "Corr 2015"]
[Source "ChessBase"]
[SourceDate "2015.07.17"]
[SourceVersion "1"]
[SourceVersionDate "2015.07.17"]
[SourceQuality "1"]

1. a3 e6 2. b4 Nc6 3. g3 Nf6 4. Bg2 d5 5. Bb2 g5 6. e3 Bh6 7. h4 Ng4 8. Bxh8 Nf6 9. Qf3 e5 10. Qxf6 Qxf6 11. Bxf6 Be6 12. hxg5 Bf8 13. Rxh7 b5 14. Nc3 Rc8 15. Nxb5 a6 16. Nc3 d4 17. Bxc6+ Bd7 18. Bxd7+ Kxd7 19. exd4 1-0

[Event "RN-2014-0-00815"]
[Site "LSS email"]
[Date "2014.06.25"]
[Round "?"]
[White "Novoa, Nicolas"]
[Black "Feng, Jason"]
[Result "0-1"]
[WhiteElo "289"]
[BlackElo "868"]
[PlyCount "54"]
[EventDate "2014.06.15"]
[EventType "tourn (corr)"]
[EventRounds "6"]
[EventCountry "GER"]
[SourceTitle "Corr 2015"]
[Source "ChessBase"]
[SourceDate "2015.07.17"]
[SourceVersion "1"]
[SourceVersionDate "2015.07.17"]
[SourceQuality "1"]

1. g4 d5 2. Nf3 Bxg4 3. h3 Bxf3 4. exf3 e5 5. Nc3 c6 6. b4 Bxb4 7. Na4 Nf6 8. c3 Be7 9. Bd3 0-0 10. h4 e4 11. Bc2 Re8 12. fxe4 Nxe4 13. f3 Bxh4+ 14. Ke2 Nxc3+ 15. Kd3 Nxd1 16. Bxd1 Qf6 17. Nb2 Qf5+ 18. Kc3 Bf6+ 19. Kb3 d4 20. d3 Qb5+ 21. Kc2 Na6 22. Bd2 Nb4+ 23. Bxb4 Qxb4 24. Nc4 a5 25. Kc1 Qc3+ 26. Bc2 Qxa1+ 27. Bb1 Re2 0-1

[Event "ZN-2014-0-02666"]
[Site "LSS email"]
[Date "2014.04.02"]
[Round "?"]
[White "Lenz, Juergen"]
[Black "Novoa, Nicolas"]
[Result "1-0"]
[WhiteElo "1126"]
[BlackElo "402"]
[PlyCount "37"]
[EventDate "2014.03.28"]
[EventType "match (corr)"]
[EventRounds "2"]
[EventCountry "GER"]
[SourceTitle "Corr 2022"]
[Source "ChessBase"]
[SourceDate "2021.10.24"]
[SourceVersion "1"]
[SourceVersionDate "2021.10.24"]
[SourceQuality "1"]

1. d4 f5 2. Nc3 Nc6 3. d5 Nb4 4. a3 Na6 5. Be3 Nf6 6. g3 c5 7. Bg2 d6 8. Nh3 h5 9. Ng5 Rh6 10. Ne6 Qd7 11. Bxh6 gxh6 12. e4 fxe4 13. Nxe4 Nc7 14. Nxf6+ Kf7 15. Nxd7 Bxd7 16. Qxh5+ Kg8 17. Qg6+ Kh8 18. Be4 Nxe6 19. Qh7# 1-0

[Event "RN-2014-0-00773"]
[Site "LSS email"]
[Date "2014.03.05"]
[Round "?"]
[White "Lenz, Juergen"]
[Black "Novoa, Nicolas"]
[Result "1-0"]
[WhiteElo "1087"]
[BlackElo "291"]
[PlyCount "67"]
[EventDate "2014.02.24"]
[EventType "tourn (corr)"]
[EventRounds "6"]
[EventCountry "GER"]
[SourceTitle "Telechess CBM 167"]
[Source "ChessBase"]
[SourceDate "2015.07.13"]
[SourceVersion "1"]
[SourceVersionDate "2015.07.13"]
[SourceQuality "1"]

1. d4 Nc6 2. Bf4 Nf6 3. e3 Ne4 4. Bd3 d5 5. f3 Nf6 6. Ne2 e5 7. dxe5 Nd7 8. Nd4 Ndxe5 9. 0-0 g5 10. Bg3 Bc5 11. c3 b5 12. Bxb5 Bb7 13. Bxe5 Kf8 14. Bxh8 Ne7 15. Qc2 c6 16. Qxh7 Ke8 17. Bd3 Bc8 18. Bf6 Qd6 19. Qh8+ Kd7 20. Bxe7 Qxe7 21. Bf5+ Kc7 22. Qh7 Ba6 23. Re1 Kb8 24. Nd2 Kb7 25. N2b3 Bb6 26. e4 dxe4 27. Rxe4 Qc7 28. Rae1 Rd8 29. Re7 Kb8 30. Rxc7 Bxc7 31. Nxc6+ Kb7 32. Nxd8+ Bxd8 33. Qxf7+ Kb8 34. Re8 1-0

[Event "RN-2014-0-00773"]
[Site "LSS email"]
[Date "2014.03.05"]
[Round "?"]
[White "Novoa, Nicolas"]
[Black "Bester, Kazimierz"]
[Result "0-1"]
[WhiteElo "291"]
[BlackElo "726"]
[PlyCount "54"]
[EventDate "2014.02.24"]
[EventType "tourn (corr)"]
[EventRounds "6"]
[EventCountry "GER"]
[SourceTitle "Telechess CBM 167"]
[Source "ChessBase"]
[SourceDate "2015.07.13"]
[SourceVersion "1"]
[SourceVersionDate "2015.07.13"]
[SourceQuality "1"]

1. e4 d5 2. Bd3 dxe4 3. Bxe4 Nf6 4. Nf3 Nxe4 5. Qe2 Nf6 6. Nc3 Nc6 7. d4 Nxd4 8. Nxd4 Qxd4 9. Be3 Qe5 10. f4 Qa5 11. Qb5+ Qxb5 12. Nxb5 Nd5 13. Bxa7 c6 14. Nd4 Rxa7 15. c3 e6 16. g4 Nxf4 17. Rd1 Be7 18. Nf3 Bc5 19. Rf1 Ng2+ 20. Ke2 Ne3 21. Rf2 Nxd1 22. Kxd1 Bxf2 23. Ne1 Bxe1 24. Kxe1 Rxa2 25. Kd2 Rxb2+ 26. Kc1 Rxh2 27. Kb1 e5 0-1

[Event "RN-2014-0-00773"]
[Site "LSS email"]
[Date "2014.03.05"]
[Round "?"]
[White "Ortiz, Juan Guillermo"]
[Black "Novoa, Nicolas"]
[Result "1-0"]
[WhiteElo "630"]
[BlackElo "291"]
[PlyCount "79"]
[EventDate "2014.02.24"]
[EventType "tourn (corr)"]
[EventRounds "6"]
[EventCountry "GER"]
[SourceTitle "Telechess CBM 167"]
[Source "ChessBase"]
[SourceDate "2015.07.13"]
[SourceVersion "1"]
[SourceVersionDate "2015.07.13"]
[SourceQuality "1"]

1. e4 e5 2. Nf3 Nf6 3. Nc3 Bc5 4. Bc4 d6 5. h3 Nc6 6. Nd5 Nd4 7. Nxf6+ Qxf6 8. Nxd4 Bxd4 9. 0-0 0-0 10. Qh5 g6 11. Qh6 Re8 12. d3 b6 13. Bg5 Bxb2 14. Rab1 Qg7 15. Rxb2 b5 16. Rxb5 Ba6 17. Rb3 c6 18. Bxa6 f6 19. Qxg7+ Kxg7 20. Bd2 d5 21. Rb7+ Kf8 22. Bh6+ Kg8 23. Rg7+ Kf8 24. Rxh7+ Kg8 25. Rg7+ Kh8 26. Rxg6 Rg8 27. Rxf6 Kh7 28. Rxc6 Raf8 29. Bd2 Rg6 30. Rxg6 Kxg6 31. exd5 Rf6 32. Bc4 Kf5 33. g4+ Kg6 34. Kg2 a5 35. Bxa5 Kf7 36. d6+ Ke8 37. Bb5+ Kf7 38. d7 Ke7 39. d8Q+ Kf7 40. Bc4+ 1-0

[Event "RN-2014-0-00773"]
[Site "LSS email"]
[Date "2014.03.05"]
[Round "?"]
[White "Venturas, Bob"]
[Black "Novoa, Nicolas"]
[Result "1-0"]
[WhiteElo "736"]
[BlackElo "291"]
[PlyCount "57"]
[EventDate "2014.02.24"]
[EventType "tourn (corr)"]
[EventRounds "6"]
[EventCountry "GER"]
[SourceTitle "Telechess CBM 167"]
[Source "ChessBase"]
[SourceDate "2015.07.13"]
[SourceVersion "1"]
[SourceVersionDate "2015.07.13"]
[SourceQuality "1"]

1. e4 e5 2. Nf3 Nc6 3. Bc4 Na5 4. Qe2 d5 5. exd5 Bd7 6. a3 b5 7. Ba2 Nf6 8. Nxe5 Qe7 9. d4 Nxd5 10. Bxd5 Rb8 11. Bxf7+ Kd8 12. 0-0 Nc4 13. Bxc4 bxc4 14. Qxc4 g5 15. Nf7+ Ke8 16. Nxh8 Kd8 17. Nf7+ Ke8 18. Nxg5 Bh6 19. Qxc7 Rc8 20. Qe5 Bxg5 21. Bxg5 Qe6 22. Re1 Rc4 23. Qb8+ Bc8 24. Qxc8+ Rxc8 25. Rxe6+ Kf8 26. Nc3 a5 27. Rae1 Kg8 28. Re8+ Rxe8 29. Rxe8+ 1-0

[Event "LSS No Engine Cup 98 Preliminary 7"]
[Site "LSS email"]
[Date "2013.11.20"]
[Round "?"]
[White "Novoa, Nicolas"]
[Black "Arango Marin, Sixto Gregorio"]
[Result "0-1"]
[WhiteElo "291"]
[BlackElo "797"]
[PlyCount "74"]
[EventDate "2013.11.21"]
[EventType "tourn (corr)"]
[EventRounds "6"]
[EventCountry "GER"]
[SourceTitle "Telechess CBM 167"]
[Source "ChessBase"]
[SourceDate "2015.07.13"]
[SourceVersion "1"]
[SourceVersionDate "2015.07.13"]
[SourceQuality "1"]

1. d4 d5 2. e3 Bf5 3. Bd3 Bxd3 4. cxd3 e6 5. Nc3 Nc6 6. Bd2 Nf6 7. Nf3 h6 8. e4 dxe4 9. dxe4 Nxd4 10. Nxd4 Qxd4 11. Be3 Qxd1+ 12. Rxd1 Bb4 13. a3 Bxc3+ 14. bxc3 Nxe4 15. f3 Nxc3 16. Rd3 Nd5 17. Bd4 f6 18. h4 Kf7 19. Rb3 b6 20. f4 Nxf4 21. g3 Nd5 22. Rf1 c5 23. Bf2 Rhc8 24. h5 a6 25. Rd3 b5 26. a4 c4 27. Rf3 c3 28. Kd1 b4 29. Kc2 a5 30. Kb3 c2 31. Kb2 Rab8 32. Kc1 b3 33. Bd4 Rb4 34. Be3 Rxa4 35. Bb6 Nxb6 36. Rxb3 Ra1+ 37. Kb2 Rxf1 0-1

[Event "LSS No Engine Cup 98 Preliminary 7"]
[Site "LSS email"]
[Date "2013.11.20"]
[Round "?"]
[White "Novoa, Nicolas"]
[Black "Tittarelli, Adriano"]
[Result "0-1"]
[WhiteElo "291"]
[BlackElo "1052"]
[PlyCount "64"]
[EventDate "2013.11.21"]
[EventType "tourn (corr)"]
[EventRounds "6"]
[EventCountry "GER"]
[SourceTitle "Telechess CBM 167"]
[Source "ChessBase"]
[SourceDate "2015.07.13"]
[SourceVersion "1"]
[SourceVersionDate "2015.07.13"]
[SourceQuality "1"]

1. e4 g6 2. Bc4 e6 3. d3 Bg7 4. Nf3 d6 5. Bg5 Nf6 6. Nc3 a6 7. b4 Nbd7 8. d4 h6 9. Bxf6 Nxf6 10. Rb1 Bd7 11. Qe2 0-0 12. Rb3 c6 13. Na4 b5 14. Bxb5 axb5 15. Nc3 Qb6 16. d5 exd5 17. e5 Rae8 18. g3 Bg4 19. h3 Bxf3 20. Qxf3 Rxe5+ 21. Kd1 Ne4 22. Nxe4 Rxe4 23. a4 bxa4 24. Ra3 Qxb4 25. Re3 Rd4+ 26. Ke2 Re4 27. g4 Rfe8 28. c4 Qxc4+ 29. Kd2 Rd4+ 30. Ke1 Rxe3+ 31. Qxe3 Re4 32. Qxe4 Qxe4+ 0-1

[Event "RN-2013-0-00722"]
[Site "LSS email"]
[Date "2013.11.06"]
[Round "?"]
[White "Novoa, Nicolas"]
[Black "Bester, Kazimierz"]
[Result "0-1"]
[WhiteElo "445"]
[BlackElo "680"]
[PlyCount "26"]
[EventDate "2013.10.28"]
[EventType "tourn (corr)"]
[EventRounds "6"]
[EventCountry "GER"]
[SourceTitle "Corr 2022"]
[Source "ChessBase"]
[SourceDate "2021.10.24"]
[SourceVersion "1"]
[SourceVersionDate "2021.10.24"]
[SourceQuality "1"]

1. d4 e6 2. Nc3 Bb4 3. a3 Bxc3+ 4. bxc3 Nf6 5. Nf3 Nc6 6. Rb1 d5 7. g3 0-0 8. e3 Ne4 9. Qd3 Qf6 10. c4 Qxf3 11. Rg1 Qxf2+ 12. Kd1 Qxg1 13. cxd5 Nf2+ 0-1

[Event "OP-2013-0-03102"]
[Site "LSS email"]
[Date "2013.11.05"]
[Round "?"]
[White "Kratky, Josef"]
[Black "Novoa, Nicolas"]
[Result "1-0"]
[WhiteElo "1154"]
[BlackElo "295"]
[PlyCount "37"]
[EventDate "2013.11.02"]
[EventType "tourn (corr)"]
[EventRounds "4"]
[EventCountry "GER"]
[SourceTitle "Telechess CBM 167"]
[Source "ChessBase"]
[SourceDate "2015.07.13"]
[SourceVersion "1"]
[SourceVersionDate "2015.07.13"]
[SourceQuality "1"]

1. Nf3 d5 2. c4 Be6 3. cxd5 Bxd5 4. Nc3 e6 5. e4 Bc6 6. d4 f5 7. exf5 Nd7 8. fxe6 Ndf6 9. Bg5 Qe7 10. d5 Bb5 11. Bxb5+ c6 12. dxc6 Qxe6+ 13. Kf1 Rd8 14. c7+ Nd7 15. cxd8Q+ Kf7 16. Q1xd7+ Be7 17. Qxe6+ Kxe6 18. Re1+ Kf7 19. Qe8# 1-0

[Event "OP-2013-0-03102"]
[Site "LSS email"]
[Date "2013.11.05"]
[Round "?"]
[White "Lenz, Juergen"]
[Black "Novoa, Nicolas"]
[Result "1-0"]
[WhiteElo "976"]
[BlackElo "295"]
[PlyCount "47"]
[EventDate "2013.11.02"]
[EventType "tourn (corr)"]
[EventRounds "4"]
[EventCountry "GER"]
[SourceTitle "Telechess CBM 167"]
[Source "ChessBase"]
[SourceDate "2015.07.13"]
[SourceVersion "1"]
[SourceVersionDate "2015.07.13"]
[SourceQuality "1"]

1. d4 d5 2. Nf3 c6 3. Bf4 e6 4. e3 Ne7 5. Bd3 Nf5 6. 0-0 Nd7 7. c4 b5 8. cxb5 c5 9. Bxf5 exf5 10. Nc3 Bb7 11. Ne5 Nf6 12. Qa4 Qd7 13. Nxd7 Nxd7 14. Rfd1 Nb6 15. Qc2 c4 16. a4 Be7 17. a5 Nc8 18. a6 Nb6 19. axb7 Rb8 20. Bxb8 Nc8 21. bxc8Q+ Bd8 22. Bd6 g6 23. Rxa7 g5 24. Qd7# 1-0

[Event "SN-2013-0-00549"]
[Site "LSS email"]
[Date "2013.11.05"]
[Round "?"]
[White "Novoa, Nicolas"]
[Black "Oberlaender, Rolf"]
[Result "0-1"]
[WhiteElo "289"]
[BlackElo "711"]
[PlyCount "84"]
[EventDate "2013.10.13"]
[EventType "tourn (corr)"]
[EventRounds "6"]
[EventCountry "GER"]
[SourceTitle "Corr 2015"]
[Source "ChessBase"]
[SourceDate "2015.07.17"]
[SourceVersion "1"]
[SourceVersionDate "2015.07.17"]
[SourceQuality "1"]

1. d4 d5 2. b4 Nf6 3. Bf4 e6 4. Nf3 Bxb4+ 5. Nbd2 Ne4 6. Rg1 Nc6 7. Rb1 Ba3 8. c3 Nxc3 9. Qb3 Nxb1 10. Nxb1 Bb4+ 11. Nbd2 a5 12. Qb2 Qe7 13. e3 a4 14. e4 0-0 15. Bb5 a3 16. Qb1 Na5 17. Qc2 Nc4 18. Kd1 Nb2+ 19. Kc1 c6 20. Bd3 c5 21. exd5 exd5 22. dxc5 Nxd3+ 23. Qxd3 Qxc5+ 24. Kd1 Re8 25. Ne5 f6 26. Nef3 Qxf2 27. Rf1 Qb6 28. h4 Bd7 29. Nd4 Ba4+ 30. Nc2 Bxd2 31. Kxd2 Bb5 32. Qf3 Bxf1 33. Qxf1 Qb2 34. Qd3 Qxa2 35. Bg3 Kh8 36. Kc3 Rec8+ 37. Kd4 Ra4+ 38. Ke3 Rxc2 39. Bf4 Re4+ 40. Kf3 Rxg2 41. Qxd5 Qxd5 42. Kxg2 Rxf4+ 0-1

[Event "LSS No Engine Cup 95 Preliminary 7"]
[Site "LSS email"]
[Date "2013.09.21"]
[Round "?"]
[White "Gorini, Michele"]
[Black "Novoa, Nicolas"]
[Result "1-0"]
[WhiteElo "924"]
[BlackElo "291"]
[PlyCount "45"]
[EventDate "2013.09.22"]
[EventType "tourn (corr)"]
[EventRounds "6"]
[EventCountry "GER"]
[SourceTitle "Telechess CBM 167"]
[Source "ChessBase"]
[SourceDate "2015.07.13"]
[SourceVersion "1"]
[SourceVersionDate "2015.07.13"]
[SourceQuality "1"]

1. d4 d5 2. c4 Bf5 3. e3 dxc4 4. Bxc4 Nc6 5. Nf3 Nf6 6. Nc3 e5 7. dxe5 Ng4 8. 0-0 f6 9. exf6 gxf6 10. Nd4 Nxd4 11. exd4 c5 12. h3 Nh6 13. Qh5+ Ke7 14. Re1+ Kd6 15. Bf4+ Kd7 16. Bxh6 Bd6 17. Qxf5+ Kc7 18. Nb5+ Kc6 19. Nxd6 Kxd6 20. Qe6+ Kc7 21. Bf4+ Qd6 22. Qxd6+ Kc8 23. Be6# 1-0

[Event "LSS No Engine Cup 95 Preliminary 7"]
[Site "LSS email"]
[Date "2013.09.21"]
[Round "?"]
[White "Novoa, Nicolas"]
[Black "Pons, Francisco"]
[Result "0-1"]
[WhiteElo "291"]
[BlackElo "1246"]
[PlyCount "46"]
[EventDate "2013.09.22"]
[EventType "tourn (corr)"]
[EventRounds "6"]
[EventCountry "GER"]
[SourceTitle "Telechess CBM 167"]
[Source "ChessBase"]
[SourceDate "2015.07.13"]
[SourceVersion "1"]
[SourceVersionDate "2015.07.13"]
[SourceQuality "1"]

1. e4 c5 2. Nc3 Nc6 3. Nf3 g6 4. Bc4 Bg7 5. Nd5 e6 6. Nf4 Nge7 7. a3 0-0 8. d4 cxd4 9. c3 dxc3 10. bxc3 Bxc3+ 11. Bd2 Bxa1 12. Qxa1 d5 13. exd5 exd5 14. Ng5 dxc4 15. Qa2 Nf5 16. g4 c3 17. Bxc3 Qxg5 18. Bd2 Qxg4 19. h3 Qf3 20. Rh2 Re8+ 21. Kf1 Ne3+ 22. Kg1 Qd1+ 23. Be1 Qxe1# 0-1